71 Babynamen der Woche 38/25' - Statistiken

Allgemein
  • Dieses Quiz wurde 4 mal gespielt
  • Das Durchschnittsergebnis liegt bei 36 aus 71
Antwortstatistiken
📍 Vorname % Korrekt
Al.c.a ♀️ Alicia
100%
A.v.d ♂️ Arvid
100%
El..a ♀️ Elena
100%
F.t..a ♀️ Fatima
100%
F..n ♂️ Finn
100%
F..d.y ♂️ Freddy
100%
H..s ♂️ Hans
100%
H..m.t ♂️ Helmut
100%
I.g..d ♀️ Ingrid
100%
Is.b.l.a ♀️ Isabella
100%
J.h.n.a ♀️ Johanna
100%
J.h.n..s ♂️ Johannes
100%
J.l..n ♂️ Julian
100%
K.a.s ♂️ Klaus
100%
Aa..n ♂️ Aaron
75%
Am.n.a ♀️ Amanda
75%
C.a.a ♀️ Clara
75%
Em.l.e ♀️ Emilie
75%
E..i ♀️ Emmi
75%
H.l..a ♀️ Helena
75%
K.t.e ♀️ Käthe
75%
M..d.l..a ♀️ Magdalena
75%
M.n.e.a ♀️ Manuela
75%
M.r.e ♀️ Marie
75%
B.h.r ♀️ Bahar
50%
B.c.a ♀️ Becca
50%
B. ♂️ Bo
50%
D.r..s ♂️ Darius
50%
El..a ♀️ Elina
50%
F i.d.r..e ♀️ Friederike
50%
H.n.y ♂️ Henry
50%
J.n..s ♂️ Jannis
50%
M..a ♀️ Mara
50%
M.r..m ♀️ Maryam
50%
M.x.m.l.a.e ♀️ Maximiliane
50%
M.l.n.e ♀️ Melanie
50%
M.c.e.a ♀️ Micaela
50%
M.c.a.l ♂️ Michael
50%
N.k.l.s ♂️ Nikolas
50%
P..l..a ♀️ Paulina
50%
P..l..p ♂️ Phillip
50%
S.p..a ♀️ Sophia
50%
T..o ♂️ Theo
50%
A.n..s ♂️ Aeneas
25%
A..a ♀️ Alba
25%
Al..a ♀️ Alisa
25%
E.t..l.a ♀️ Estrella
25%
F.n..n ♂️ Finian
25%
G.a.i.l.a ♀️ Graziella
25%
H..a ♀️ Heda
25%
J.s..e ♀️ Jessie
25%
K..s..n ♀️ Kerstin
25%
L.n..a ♀️ Linnea
25%
M.r.e..a ♀️ Mariella
25%
M.r.o ♂️ Marno
25%
M..t.n ♂️ Marten
25%
M..a ♀️ Mila
25%
M..e ♀️ Mine
25%
N..l.s ♂️ Niklas
25%
S.i.e ♀️ Stine
25%
T.o.s..n ♂️ Thorsten
25%
V.l..t.n ♂️ Valentin
25%
Yv.n.e ♀️ Yvonne
25%
C.l..x.a ♀️ Callixta
0%
El.r.a ♀️ Eloria
0%
El.i.e ♀️ Eluise
0%
Em.r..z ♀️ Emerenz
0%
H..e ♀️ Hude
0%
L..l..i ♀️ Leilani
0%
M.l..a ♀️ Malika
0%
S.l.m.t.u ♀️ Salimatou
0%
Keine übereinstimmenden Quizze gefunden
Verteilung der Resultate
Anzahl Personen mit jedem Resultat
Perzentil nach korrekt beantworteten Fragen
Ihre Resultats-Entwicklung
Sie haben dieses Quiz noch nicht gespielt